00333nam a2200109Ia 4500008004100000082000800041100001500049245004100064942000600105952009700111999001500208240331s9999 xx 000 0 und d bOBR aO'Brien, J 0aWomen's liberation in labour history cL 001040708LaWERCLbWERCLcSSCd2024-03-31l0o 305.4 OBRp1678r2024-03-31w2024-03-31yL c1729d1729